000 00472nam a2200181Ia 4500
005 20250603144555.0
008 250603s9999 xx 000 0 und d
020 _a9781788823883
050 _aQR 100.8 .B55/
100 _aEdited by Ray, Rina Rani
245 0 _aBiofilm associated on antimicrobial resistance and its recovery
260 _aBoca Raton
260 _bCRC Press
260 _c2024
300 _avii, 254p.: ill.
650 _aBoca Raton
942 _cBK
999 _c39323
_d39323